Jeremiah : (Record no. 9656)
[ view plain ]
| 000 -LEADER | |
|---|---|
| fixed length control field | 01228cam a2200325 a 4500 |
| 001 - CONTROL NUMBER | |
| control field | 15167066 |
| 003 - CONTROL NUMBER IDENTIFIER | |
| control field | GBCCL |
| 005 - DATE AND TIME OF LATEST TRANSACTION | |
| control field | 20241126110716.0 |
| 008 - FIXED-LENGTH DATA ELEMENTS--GENERAL INFORMATION | |
| fixed length control field | 080204s2008 kyu b 001 0 eng |
| 010 ## - | |
| -- | 2008004989 |
| 020 ## - INTERNATIONAL STANDARD BOOK NUMBER | |
| International Standard Book Number | 9780664222239 (alk. paper) |
| 020 ## - INTERNATIONAL STANDARD BOOK NUMBER | |
| International Standard Book Number | 0664222234 (alk. paper) |
| 035 ## - SYSTEM CONTROL NUMBER | |
| System control number | (OCoLC)191882058 |
| 035 ## - SYSTEM CONTROL NUMBER | |
| System control number | (OCoLC)ocn191882058 |
| 040 ## - CATALOGING SOURCE | |
| Original cataloging agency | DLC |
| Transcribing agency | DLC |
| Modifying agency | BAKER |
| -- | BTCTA |
| -- | YDXCP |
| -- | UKM |
| -- | HCD |
| -- | C#P |
| -- | BWX |
| -- | DLC |
| 050 00 - | |
| -- | BS1525.53 |
| -- | .A45 2008 |
| 082 00 - DEWEY DECIMAL CLASSIFICATION NUMBER | |
| Classification number | 221.77 |
| Edition information | 22 |
| Item number | OLD |
| 100 1# - MAIN ENTRY--PERSONAL NAME | |
| Personal name | Allen, Leslie C. |
| 9 (RLIN) | 11974 |
| 245 10 - TITLE STATEMENT | |
| Title | Jeremiah : |
| Remainder of title | a commentary / |
| Statement of responsibility, etc. | Leslie C. Allen. |
| 260 ## - PUBLICATION, DISTRIBUTION, ETC. | |
| Place of publication, distribution, etc. | Louisville, Ky. : |
| Name of publisher, distributor, etc. | Westminster John Knox Press, |
| Date of publication, distribution, etc. | c2008. |
| 300 ## - PHYSICAL DESCRIPTION | |
| Extent | xxix, 546 p. ; |
| Dimensions | 23 cm. |
| 490 1# - SERIES STATEMENT | |
| Series statement | The Old Testament library |
| 504 ## - BIBLIOGRAPHY, ETC. NOTE | |
| Bibliography, etc. note | Includes bibliographical references (p. [xix]-xxix) and index. |
| 630 00 - SUBJECT ADDED ENTRY--UNIFORM TITLE | |
| Uniform title | Bible. |
| Name of part/section of a work | Jeremiah |
| Form subdivision | Commentaries. |
| 9 (RLIN) | 13648 |
| 830 #0 - | |
| -- | Old Testament library. |
| -- | 4803 |
| 856 41 - ELECTRONIC LOCATION AND ACCESS | |
| Materials specified | Table of contents only |
| Uniform Resource Identifier | <a href="http://www.loc.gov/catdir/toc/ecip0810/2008004989.html">http://www.loc.gov/catdir/toc/ecip0810/2008004989.html</a> |
| 906 ## - LOCAL DATA ELEMENT F, LDF (RLIN) | |
| a | 7 |
| b | cbc |
| c | orignew |
| d | 1 |
| e | ecip |
| f | 20 |
| g | y-gencatlg |
| 942 ## - ADDED ENTRY ELEMENTS (KOHA) | |
| Source of classification or shelving scheme | Dewey Decimal Classification |
| Koha item type | Reference Books |
| Withdrawn status | Lost status | Source of classification or shelving scheme | Damaged status | Not for loan | Home library | Current Library | Shelving location | Date acquired | Total checkouts | Full call number | Barcode | Date last seen | Copy number | Price effective from | Koha item type |
|---|---|---|---|---|---|---|---|---|---|---|---|---|---|---|---|
| Dewey Decimal Classification | GRACE BIBLE COLLEGE | GRACE BIBLE COLLEGE | Commentary | 2023-04-12 | 221.77 OLD | 016206 | 2025-05-01 | v.22 | 2023-04-12 | Reference Books |